000 00359nam a22001217a 4500
003 SGT
082 _a920
_bN97R
100 _aराय, मान्धाता
245 _aनिवेदिता
260 _bस्वामी सहजानंद सरस्वती स्मृति केंद्र
_c1997
300 _a407
942 _2ddc
_cBK
999 _c31974
_d31974